[Event "BCF-chT4S 1819 (4NCL)"]
[Site "England"]
[Date "2019.01.12"]
[Round "3.204"]
[White "Karia, Kamlesh"]
[Black "Smith, Steven J"]
[Result "1-0"]
[WhiteElo "1600"]
[BlackElo "1634"]
[PlyCount "107"]
[EventDate "2018.11.17"]
[EventType "team-swiss"]
[EventRounds "11"]
[EventCountry "ENG"]
[SourceTitle "EXT 2021"]
[Source "ChessBase"]
[SourceDate "2020.10.23"]
[SourceVersion "1"]
[SourceVersionDate "2020.10.23"]
[SourceQuality "1"]
[WhiteTeam "Barnet Knights II"]
[BlackTeam "Wessex III"]
[WhiteTeamCountry "ENG"]
[BlackTeamCountry "ENG"]

1. e4 e6 2. d4 d5 3. exd5 exd5 4. Bd3 Nc6 5. c3 Nf6 6. Bg5 Be7 7. Nf3 Be6 8. Nbd2 Qd7 9. Qc2 h6 10. Be3 Ng4 11. 0-0-0 0-0-0 12. h3 Nxe3 13. fxe3 f5 14. Bb5 Bf6 15. Qa4 a6 16. Bxc6 Qxc6 17. Qxc6 bxc6 18. Nb3 Kb8 19. Nc5 Bc8 20. Kd2 g5 21. Ne1 Be7 22. Ned3 Bxc5 23. Nxc5 Ka7 24. Rdf1 Rdf8 25. Rf2 h5 26. Rhf1 a5 27. a3 Kb6 28. a4 Ka7 29. b4 axb4 30. cxb4 Rh6 31. g4 hxg4 32. hxg4 Rhf6 33. gxf5 Rxf5 34. Rxf5 Rxf5 35. Rxf5 Bxf5 36. Ke1 Kb8 37. Kf2 Bc2 38. a5 Bf5 39. Kf3 Ka7 40. e4 g4+ 41. Kf4 g3 42. Kxg3 dxe4 43. Kf4 Bg6 44. Nxe4 Ka6 45. Nc5+ Ka7 46. Ke5 Bf7 47. Kf6 Bh5 48. Ke7 Bg4 49. Kd8 Bf3 50. Kxc7 Bg2 51. Nd7 Ka8 52. Ne5 Be4 53. Nxc6 Bd5 54. b5 1-0

[Event "BCF-chT4S 1718 (4NCL)"]
[Site "England"]
[Date "2018.01.14"]
[Round "4.81"]
[White "Hadi, Justin"]
[Black "Karia, Kamlesh"]
[Result "1-0"]
[WhiteElo "1985"]
[BlackElo "1592"]
[PlyCount "107"]
[EventDate "2017.11.11"]
[EventType "team-swiss"]
[EventRounds "11"]
[EventCountry "ENG"]
[SourceTitle "EXT 2020"]
[Source "ChessBase"]
[SourceDate "2019.10.17"]
[SourceVersion "1"]
[SourceVersionDate "2019.10.17"]
[SourceQuality "1"]
[WhiteTeam "Oxford III"]
[BlackTeam "Barnet Knights III"]
[WhiteTeamCountry "ENG"]
[BlackTeamCountry "ENG"]

1. d4 d5 2. Bf4 Nf6 3. e3 e6 4. Nd2 c5 5. c3 Nc6 6. Bd3 c4 7. Bc2 Bd6 8. Ngf3 Qc7 9. Bxd6 Qxd6 10. e4 Qe7 11. Qe2 b5 12. e5 Nd7 13. a3 Nf8 14. Qe3 h6 15. h4 f6 16. Rg1 Qc7 17. Kf1 Bd7 18. g3 a5 19. Kg2 a4 20. Rge1 0-0-0 21. Nf1 f5 22. Qf4 Nh7 23. Ne3 g5 24. hxg5 hxg5 25. Nxg5 Nxg5 26. Qxg5 Rdg8 27. Qf4 Qd8 28. Rh1 Ne7 29. Rxh8 Rxh8 30. Rh1 Ng6 31. Qf3 Rxh1 32. Kxh1 Qh8+ 33. Kg1 Qg8 34. Ng2 Be8 35. Qe3 f4 36. Nxf4 Nxf4 37. Qxf4 Bh5 38. Kg2 Bg6 39. Bd1 Bf5 40. f3 Qh7 41. Qh4 Qg7 42. Qf6 Qg8 43. g4 Bd3 44. f4 Kd7 45. Qh6 Qf7 46. Kg3 Qh7 47. Qxh7+ Bxh7 48. Kh4 Ke7 49. Kg5 Kf7 50. f5 Ke7 51. Bc2 Bg8 52. Kg6 Bf7+ 53. Kg7 Be8 54. f6+ 1-0

[Event "BCF-chT4S 1617 (4NCL)"]
[Site "England"]
[Date "2017.03.18"]
[Round "7.106"]
[White "Faizi, Tariq"]
[Black "Karia, Kamlesh"]
[Result "1/2-1/2"]
[WhiteElo "1410"]
[BlackElo "1622"]
[PlyCount "110"]
[EventDate "2016.11.26"]
[EventType "team-swiss"]
[EventRounds "11"]
[EventCountry "ENG"]
[SourceTitle "EXT 2019"]
[Source "ChessBase"]
[SourceDate "2018.10.10"]
[SourceVersion "1"]
[SourceVersionDate "2018.10.10"]
[SourceQuality "1"]
[WhiteTeam "The Pitstop"]
[BlackTeam "Barnet Knights II"]
[WhiteTeamCountry "ENG"]
[BlackTeamCountry "ENG"]

1. e4 e5 2. Nf3 Nc6 3. Nc3 Nf6 4. Bb5 d6 5. d3 a6 6. Ba4 Be7 7. 0-0 Bg4 8. Be3 b5 9. Bb3 Nd4 10. Bxd4 exd4 11. Nb1 0-0 12. Nbd2 c5 13. c3 dxc3 14. bxc3 Rc8 15. c4 b4 16. Re1 Nd7 17. Qc2 Bf6 18. Rac1 Bc3 19. Qb1 Bxf3 20. Nxf3 Bxe1 21. Rxe1 Ne5 22. Bd1 Re8 23. h3 Rc7 24. Nh2 Ng6 25. Bg4 Ne5 26. Bd1 Ng6 27. Bg4 a5 28. Rf1 Ne5 29. Bd1 Nc6 30. f4 Nd4 31. f5 f6 32. Qb2 Ra7 33. h4 a4 34. h5 h6 35. Rf4 Qe7 36. Rg4 a3 37. Qd2 Kh8 38. Rg6 Raa8 39. Ng4 Nxf5 40. Bb3 Nh4 41. Nxh6 Nxg6 42. Nf5 Qf7 43. hxg6 Qxg6 44. Nxd6 Re6 45. Nb7 Rc8 46. Qe3 Qh6 47. Qf3 Rec6 48. Ba4 R6c7 49. Nd6 Ra8 50. Be8 Rxe8 51. Nxe8 Re7 52. Nd6 Qc1+ 53. Kh2 Qh6+ 54. Kg1 Qc1+ 55. Kh2 Qh6+ 1/2-1/2

[Event "London Weekend U1800 7th"]
[Site "London"]
[Date "2015.12.06"]
[Round "5.27"]
[White "Karia, Kamlesh"]
[Black "Mitchell, Robert2222"]
[Result "0-1"]
[WhiteElo "1662"]
[BlackElo "1613"]
[PlyCount "66"]
[EventDate "2015.12.04"]
[EventType "swiss"]
[EventRounds "5"]
[EventCountry "ENG"]
[SourceTitle "EXT 2023"]
[Source "ChessBase"]
[SourceDate "2022.10.05"]
[SourceVersion "1"]
[SourceVersionDate "2022.10.05"]
[SourceQuality "1"]

1. e4 d5 2. exd5 Nf6 3. d4 Bg4 4. Be2 Bxe2 5. Nxe2 Qxd5 6. f3 e6 7. Bf4 Bb4+ 8. c3 Bd6 9. Bxd6 Qxd6 10. Nd2 Nc6 11. Ne4 Nxe4 12. fxe4 0-0-0 13. Qc2 Qe7 14. Ng3 h5 15. Qf2 Kb8 16. Rf1 h4 17. Ne2 Rdf8 18. 0-0-0 Rh5 19. d5 exd5 20. exd5 Na5 21. Rd4 Qg5+ 22. Kb1 Qg6+ 23. Ka1 Qa6 24. Nc1 f6 25. Qe2 Nb3+ 26. Kb1 Qxe2 27. Nxe2 Nxd4 28. Nxd4 Rxd5 29. Re1 Re5 30. Rxe5 fxe5 31. Nf3 e4 32. Nxh4 e3 33. Nf3 Rxf3 0-1

[Event "BCF-ch U140"]
[Site "Coventry"]
[Date "2015.07.29"]
[Round "3"]
[White "De Santos, Andrew R"]
[Black "Karia, Kamlesh"]
[Result "0-1"]
[WhiteElo "112"]
[BlackElo "1712"]
[PlyCount "90"]
[EventDate "2015.07.27"]
[EventType "swiss"]
[EventRounds "5"]
[EventCountry "ENG"]
[SourceTitle "EXT 2016"]
[Source "ChessBase"]
[SourceDate "2015.10.08"]
[SourceVersion "1"]
[SourceVersionDate "2015.10.08"]
[SourceQuality "1"]

1. d4 d5 2. Nf3 Nf6 3. c3 c5 4. dxc5 Nc6 5. Bg5 e5 6. e3 Bxc5 7. Be2 Be7 8. 0-0 Qc7 9. Bxf6 gxf6 10. Qxd5 Be6 11. Qd2 Rd8 12. Qc1 Bd6 13. g3 Bh3 14. Rd1 h5 15. Na3 a6 16. Nc4 Be7 17. Rxd8+ Nxd8 18. Na3 Ne6 19. Bf1 Bg4 20. Bg2 Ng5 21. Nxg5 fxg5 22. h3 Be6 23. Nc2 Qc8 24. Kh2 h4 25. g4 f5 26. f3 fxg4 27. fxg4 Rf8 28. Qe1 Bd6 29. e4 Bxg4 30. hxg4 Qxg4 31. Ne3 Qf4+ 32. Kg1 Bc5 33. Qe2 Qxe3+ 34. Qxe3 Bxe3+ 35. Kh2 Rf2 36. Rb1 g4 37. Kh1 h3 38. Bxh3 gxh3 39. a4 Bf4 40. c4 h2 41. b4 Re2 42. a5 Rxe4 43. c5 Rc4 44. b5 axb5 45. Rxb5 Rc1+ 0-1

[Event "BCF-ch U140"]
[Site "Coventry"]
[Date "2015.07.27"]
[Round "1"]
[White "Camp, Andrew R"]
[Black "Karia, Kamlesh"]
[Result "0-1"]
[WhiteElo "1474"]
[BlackElo "1712"]
[PlyCount "84"]
[EventDate "2015.07.27"]
[EventType "swiss"]
[EventRounds "5"]
[EventCountry "ENG"]
[SourceTitle "EXT 2016"]
[Source "ChessBase"]
[SourceDate "2015.10.08"]
[SourceVersion "1"]
[SourceVersionDate "2015.10.08"]
[SourceQuality "1"]

1. d4 d5 2. Bf4 Nf6 3. Nf3 e6 4. e3 c5 5. c3 Nc6 6. Bd3 c4 7. Be2 Bd6 8. Bg3 Bxg3 9. hxg3 b5 10. a3 a5 11. Nbd2 Bb7 12. Qc2 b4 13. axb4 axb4 14. Qb1 Rxa1 15. Qxa1 Qa8 16. Qxa8+ Bxa8 17. cxb4 Nxb4 18. Ne5 Nc6 19. Ndf3 Nxe5 20. Nxe5 Nd7 21. Nf3 Ke7 22. 0-0 Bc6 23. Rc1 Rb8 24. Bxc4 dxc4 25. Rxc4 Bxf3 26. gxf3 Rxb2 27. Kg2 Rb7 28. f4 h6 29. Rc8 Rb8 30. Rc4 g5 31. Kf3 f5 32. g4 fxg4+ 33. Kxg4 Nf6+ 34. Kf3 g4+ 35. Kg3 Rd8 36. Rc7+ Rd7 37. Rxd7+ Kxd7 38. f3 gxf3 39. Kxf3 h5 40. Kg3 Kd6 41. Kf3 Kd5 42. Kf2 Ke4 0-1

[Event "BCF-chT3 1415 (4NCL)"]
[Site "England"]
[Date "2015.05.03"]
[Round "10.29"]
[White "Karia, Kamlesh"]
[Black "Turvey, Steven S"]
[Result "1-0"]
[WhiteElo "1723"]
[BlackElo "1801"]
[PlyCount "75"]
[EventDate "2015.03.21"]
[EventType "team-swiss"]
[EventRounds "11"]
[EventCountry "ENG"]
[SourceTitle "EXT 2016"]
[Source "ChessBase"]
[SourceDate "2015.10.08"]
[SourceVersion "1"]
[SourceVersionDate "2015.10.08"]
[SourceQuality "1"]
[WhiteTeam "Barnet Knights II"]
[BlackTeam "e2e4.org.uk V"]
[WhiteTeamCountry "ENG"]
[BlackTeamCountry "ENG"]

1. e4 e5 2. Nf3 Nc6 3. d4 exd4 4. Bc4 d6 5. c3 Ne5 6. Nxe5 dxe5 7. 0-0 Bc5 8. Qb3 Qe7 9. Bxf7+ Qxf7 10. Qb5+ c6 11. Qxc5 Qe7 12. cxd4 Qxc5 13. dxc5 Nf6 14. Nc3 0-0 15. Bg5 h6 16. Bxf6 Rxf6 17. Rad1 Be6 18. Rd6 Kf7 19. Rfd1 Ke7 20. b4 a6 21. a3 Rff8 22. f3 Rad8 23. Rxd8 Rxd8 24. Rxd8 Kxd8 25. Kf2 Ke7 26. Ne2 g6 27. Nc1 Kf6 28. Ke3 h5 29. g3 g5 30. h4 g4 31. f4 exf4+ 32. Kxf4 Bc4 33. e5+ Kg6 34. Ke4 Bd5+ 35. Kf4 Bc4 36. Ke3 Kf5 37. Kd4 Bb5 38. Nb3 1-0

[Event "Hampstead op U2200 09"]
[Site "Hampstead"]
[Date "2013.09.29"]
[Round "5"]
[White "Lovell, William Pm"]
[Black "Karia, Kamlesh"]
[Result "0-1"]
[WhiteElo "1503"]
[BlackElo "1602"]
[PlyCount "50"]
[EventDate "2013.09.28"]
[EventType "swiss"]
[EventRounds "5"]
[EventCountry "ENG"]
[SourceTitle "EXT 2015"]
[Source "ChessBase"]
[SourceDate "2014.11.20"]
[SourceVersion "1"]
[SourceVersionDate "2014.11.20"]
[SourceQuality "1"]

1. e4 e5 2. Nf3 Nc6 3. d4 exd4 4. Bc4 Bc5 5. c3 d3 6. Qxd3 d6 7. 0-0 Nf6 8. Bg5 h6 9. Bh4 g5 10. Bg3 Nh5 11. Kh1 Nf4 12. Bxf4 gxf4 13. b4 Bb6 14. a4 a6 15. Kg1 Bg4 16. h3 h5 17. Nbd2 Qe7 18. Rfe1 0-0-0 19. b5 Ne5 20. Nxe5 dxe5 21. Qc2 Bxh3 22. Bf1 Bxf2+ 23. Kxf2 Qc5+ 24. Ke2 Bg4+ 25. Nf3 Qe3# 0-1

[Event "Hampstead op U2200 07"]
[Site "Hampstead"]
[Date "2013.07.21"]
[Round "5"]
[White "Karia, Kamlesh"]
[Black "Hung, Dylan"]
[Result "1/2-1/2"]
[WhiteElo "1570"]
[BlackElo "1490"]
[PlyCount "77"]
[EventDate "2013.07.20"]
[EventType "swiss"]
[EventRounds "5"]
[EventCountry "ENG"]
[SourceTitle "EXT 2023"]
[Source "ChessBase"]
[SourceDate "2022.10.05"]
[SourceVersion "1"]
[SourceVersionDate "2022.10.05"]
[SourceQuality "1"]

1. e4 c6 2. d4 d5 3. e5 Bf5 4. Bd3 Bxd3 5. Qxd3 e6 6. Nf3 Nd7 7. 0-0 Ne7 8. Bg5 Qc7 9. Bxe7 Bxe7 10. Nbd2 c5 11. c3 0-0 12. Rac1 b5 13. h4 f6 14. exf6 Bxf6 15. Ng5 Bxg5 16. hxg5 Qf4 17. Nf3 Qg4 18. Nh2 Qxg5 19. Rce1 c4 20. Qh3 Qf5 21. Rxe6 Qxh3 22. gxh3 Rab8 23. Ng4 Rf3 24. Re7 Nb6 25. Kg2 Rf7 26. Rfe1 Rxe7 27. Rxe7 Na4 28. Rxa7 Nxb2 29. Ne3 Na4 30. Nd1 Re8 31. Kf1 Rf8 32. Rb7 Rf3 33. Rxb5 Rxh3 34. Rxd5 Rd3 35. Ne3 Nxc3 36. Rd8+ Kf7 37. Nxc4 Ke7 38. Ra8 Rxd4 39. Ne3 1/2-1/2

[Event "Hampstead op U2200 07"]
[Site "Hampstead"]
[Date "2013.07.20"]
[Round "1"]
[White "Reddiar, Gautham"]
[Black "Karia, Kamlesh"]
[Result "1-0"]
[WhiteElo "1882"]
[BlackElo "1570"]
[PlyCount "83"]
[EventDate "2013.07.20"]
[EventType "swiss"]
[EventRounds "5"]
[EventCountry "ENG"]
[SourceTitle "EXT 2023"]
[Source "ChessBase"]
[SourceDate "2022.10.05"]
[SourceVersion "1"]
[SourceVersionDate "2022.10.05"]
[SourceQuality "1"]

1. e4 e5 2. Nf3 Nc6 3. Bc4 Nf6 4. d3 Bc5 5. c3 0-0 6. Nbd2 a6 7. Bb3 b5 8. Nf1 Bb7 9. Be3 Bxe3 10. Nxe3 Ne7 11. Nxe5 d5 12. exd5 Nfxd5 13. Nf3 Nf4 14. d4 Re8 15. Ne5 Bd5 16. Bxd5 Nexd5 17. 0-0 Qg5 18. Qg4 Qxg4 19. N5xg4 Nxe3 20. Nxe3 Rad8 21. g3 Nd5 22. Nxd5 Rxd5 23. Rfe1 Kf8 24. Rxe8+ Kxe8 25. Re1+ Kd7 26. Re5 Rxe5 27. dxe5 Ke6 28. f4 g5 29. Kf2 f6 30. exf6 gxf4 31. gxf4 Kxf6 32. b4 Kf5 33. Kf3 c6 34. a3 h6 35. h3 h5 36. h4 Kf6 37. Ke4 Ke6 38. f5+ Kf6 39. Kf4 Kf7 40. Kg5 Kg7 41. Kxh5 Kf6 42. Kg4 1-0